000 00596cam a22002053a 4500
001 44950
003 PGUSA
005 20140828084027.0
008 140217s2014||||xxu|||||s|||||000 | eng d
040 _aPGUSA
_beng
042 _adc
100 1 _aOptic, Oliver,
_d1822-1897
245 1 0 _aPlane and Plank ;
_bor, The Mishaps of a Mechanic
_h[electronic resource] /
_cOliver Optic
260 _bProject Gutenberg,
_c2014
506 _aPublic domain in the USA.
516 _aElectronic text
830 0 _aProject Gutenberg
_v44950
856 4 0 _uhttp://www.gutenberg.org/ebooks/44950
942 _cEB
999 _c274201
_d274201